000 00378nam a22001577a 4500
003 MPLRDC
005 20220104125410.0
008 210129b ||||| |||| 00| 0 eng d
082 _a857.9 SMCL v.1
100 _a司马沧浪
245 _a情剑神龙. 上
_c
260 _a
_b北方文艺出版社
_c
300 _b
650 _a武侠小说
942 _cBK
_o857.9 SMCL v.1
999 _c27051
_d27041